Cricket Players - Sudden Death - Statistics

General Stats
  • This quiz has been taken 639 times
  • The average score is 9 of 12
Answers on the Grid
Answers color-coded by a green-red scale on the quiz's grid according to % correct below.
Abdullah Anderson
Ben Stokes
Brandon Fernandes
Breeland Speaks
Chad Warner
Cody Gakpo
Eben Etzebeth
Imam-ul-Haq
Jasdeep Singh
Kane Williamson
Kurt-Lee Arendse
Nathan McSweeney
Nick Daicos
Paul Skenes
Rachin Ravindra
Romario Shepherd
Shai Hope
Sunil Chhetri
Usman Khawaja
Virat Kohli
Wanindu Hasaranga
Zack Gelof
Zak Crawley
 
Answer Stats
Answer % Correct
Ben Stokes
97%
Virat Kohli
85%
Kane Williamson
83%
Usman Khawaja
82%
Rachin Ravindra
81%
Imam-ul-Haq
80%
Shai Hope
73%
Zak Crawley
72%
Wanindu Hasaranga
68%
Nathan McSweeney
63%
Romario Shepherd
63%
Jasdeep Singh
50%
No matching quizzes found
Score Distribution
Percent of People with Each Score
Percentile by Number Answered
Your Score History
You have not taken this quiz